01126nam a2200289 a 450000100060000000300090000600500170001500800410003201500210007302000150009403500150010904000280012404100080015208200180016010000360017824501570021425000430037126000470041430000270046149000240048850001380051250400280065065000500067870000350072870000320076370000410079525267CO-ViMGA20230915232050.0141112s2004 ck r 000 u spa d ack - 2005 - xxxx a9582409088 aAHY9381 LA aCO-ViMGAbspacCO-ViMGA aspa04a370.115 A38c1 aAgudelo Colorado, Elkín Dario10aCátedra ciudadana V : bparticipación y responsabilidad democrática / cElkin Darío Agudelo Colorado ... [et al.] ; ilustraciones Jairo Alvarez. aEditor Daniel Augusto Ochoa Jaramillo. aBogotá : bEditorial Santillana, c2005. a111 p. : il. ; 26 cm. aCátedra Ciudadana aTexto para la enseñanza del área de formación ciudadana para el grado décimo y undécimo de educación básica secundaria. aIncluye bibliografía.14aEducación cívica - Enseñanza secundaria1 aCortés Salcedo, Ruth Amanda 1 aGalindo Neira, Luis Eduardo1 aOrtíz Jiménez, José Guillermo